Central Library OPAC University of Rajshahi

Collected papers / (Record no. 29399)

MARC details
000 -LEADER
fixed length control field 01500nam a2200325 a 4500
001 - CONTROL NUMBER
control field 29399
003 - CONTROL NUMBER IDENTIFIER
rucl marc code BD-RjUL
005 - DATE AND TIME OF LATEST TRANSACTION
control field 20211209051417.0
008 - FIXED-LENGTH DATA ELEMENTS--GENERAL INFORMATION
fixed length control field 140403r19501924k 000 1 eng u
035 ## - SYSTEM CONTROL NUMBER
System control number (BD-RjUL)29484
040 ## - CATALOGING SOURCE
Original cataloging agency CSU
Modifying agency KKP
-- m.c
-- EQO
Language of cataloging eng
Transcribing agency BD-RjUL
041 1# - LANGUAGE CODE
Language code of text/sound track or separate title eng
Language code of original ger
082 ## - DEWEY DECIMAL CLASSIFICATION NUMBER
Classification number 131.3462
Author mark and year FRC V-4 1950
100 1# - MAIN ENTRY--PERSONAL NAME
Personal name Freud, Sigmund,
Dates associated with a name 1856-1939.
9 (RLIN) 89651
245 10 - TITLE STATEMENT
Title Collected papers /
Statement of responsibility, etc. Sigmund Freud ; authorized translation under the supervision of Joan Rivere.
Number of part/section of a work VOLUME IV.
260 ## - PUBLICATION, DISTRIBUTION, ETC. (IMPRINT)
Place of publication, distribution, etc. London :
Name of publisher, distributor, etc. Hogarth Press and Institute of Psychoanalysis,
Date of publication, distribution, etc. 1924 [Impression 1950]
300 ## - PHYSICAL DESCRIPTION
Pagination 508 p. :
Illustrations ill. ;
Size 22 cm.
490 1# - SERIES STATEMENT
Series statement International psycho-analytical library ;
Volume/sequential designation no. 7-10, 37
500 ## - GENERAL NOTE
General note Vol. 3: Authorized translation by Alix and James Strachey; v. 5 edited by James Strachey.
General note Includes papers originally collected in Kleiner Schriften zur Neurosenlehre.
504 ## - BIBLIOGRAPHY, ETC. NOTE
Bibliography, etc Includes bibliographies.
505 0# - FORMATTED CONTENTS NOTE
Formatted contents note v. 1. Early papers. On the history of the psycho-analytic movement.--v. 2. Clinical papers. Papers on technique.--v. 3. Case histories.--v. 4. Papers on metapsychology. Papers on applied psycho-analysis.--v. 5. Miscellaneous papers, 1888-1938.
650 #0 - SUBJECT ADDED ENTRY--TOPICAL TERM
Topical term or geographic name as entry element Psychoanalysis
9 (RLIN) 89652
700 1# - ADDED ENTRY--PERSONAL NAME
Personal name Riviere, Joan,
Dates associated with a name 1883-1962
710 2# - ADDED ENTRY--CORPORATE NAME
Corporate name or jurisdiction name as entry element Institute of Psycho-analysis (Great Britain)
9 (RLIN) 88492
830 #0 - SERIES ADDED ENTRY--UNIFORM TITLE
Volume number/sequential designation 7 &c.
830 #0 - SERIES ADDED ENTRY--UNIFORM TITLE
Uniform title International psycho-analytical library ;
942 ## - ADDED ENTRY ELEMENTS (KOHA)
Source of classification or shelving scheme Dewey Decimal Classification
Koha item type Books
Holdings
Lost status Source of classification or shelving scheme Damaged status Not for loan Collection code Permanent Location Current Location Shelving location Date acquired Total Checkouts Full call number Date last seen Copy number Koha item type
  Dewey Decimal Classification     Non-fiction Central Library, University of Rajshahi Central Library, University of Rajshahi   03/04/2014   131.3462 FRC V-4 1950 03/04/2014 C-1 Books